LIBRARY & INFORMATION CENTRE, KCAET, TAVANUR

ONLINE PUBLIC ACCESS CATALOGUE (OPAC)

What every engineer should know about inventry / (Record no. 1860)

MARC details
000 -LEADER
fixed length control field 00462cam a2200169ua 4500
020 ## - INTERNATIONAL STANDARD BOOK NUMBER
ISBN 0-8247-1338-9
041 ## - LANGUAGE CODE
Language code of text/sound track or separate title eng
082 ## - DEWEY DECIMAL CLASSIFICATION NUMBER
Classification number 608
Item number MID/WH
100 ## - MAIN ENTRY--AUTHOR NAME
Personal name Middenderf, William .H .
245 ## - TITLE STATEMENT
Title What every engineer should know about inventry /
260 ## - PUBLICATION, DISTRIBUTION, ETC. (IMPRINT)
Place of publication Newyork :
Name of publisher Marcel debker, INC ,
Year of publication 1971.
300 ## - PHYSICAL DESCRIPTION
Number of Pages ; .
942 ## - ADDED ENTRY ELEMENTS (KOHA)
Koha item type Books
Holdings
Withdrawn status Lost status Damaged status Home library Current library Date acquired Full call number Accession Number Koha item type
      KAUAET KAUAET 26/03/1987 608 MID/WH 16128 Books
free website counter